5HLuxD.jpg

KING HENRY VIII SENIOR AND PRIMARY SCHOOL LIBRARY OPAC

Gulliver's travels / (Record no. 2781)

000 -LEADER
fixed length control field 01411cam a2200409 a 4500
001 - CONTROL NUMBER
control field 17302555
003 - CONTROL NUMBER IDENTIFIER
control field OSt
005 - DATE AND TIME OF LATEST TRANSACTION
control field 20230821094053.0
008 - FIXED-LENGTH DATA ELEMENTS--GENERAL INFORMATION
fixed length control field 120517s2008 enkab 000 1 eng
010 ## - LIBRARY OF CONGRESS CONTROL NUMBER
LC control number 2012376860
015 ## - NATIONAL BIBLIOGRAPHY NUMBER
National bibliography number GBA874716
Source bnb
016 7# - NATIONAL BIBLIOGRAPHIC AGENCY CONTROL NUMBER
Record control number 014533754
Source Uk
020 ## - INTERNATIONAL STANDARD BOOK NUMBER
International Standard Book Number 9780194791731 (pbk.)
020 ## - INTERNATIONAL STANDARD BOOK NUMBER
International Standard Book Number 0194791734 (pbk.)
035 ## - SYSTEM CONTROL NUMBER
System control number (OCoLC)ocn231882040
040 ## - CATALOGING SOURCE
Original cataloging agency UKM
Transcribing agency UKM
Modifying agency YDXCP
-- OTP
-- GO4
-- DLC
-- KH8
042 ## - AUTHENTICATION CODE
Authentication code ukblsr
-- lccopycat
082 04 - DEWEY DECIMAL CLASSIFICATION NUMBER
Classification number 428.6 WES
Edition number 22
100 1# - MAIN ENTRY--PERSONAL NAME
Personal name West, Clare.
245 10 - TITLE STATEMENT
Title Gulliver's travels /
Statement of responsibility, etc. Jonathan Swift ; retold by Clare West ; illustrated by Nick Harris.
250 ## - EDITION STATEMENT
Edition statement Simplified ed.
260 ## - PUBLICATION, DISTRIBUTION, ETC.
Place of publication, distribution, etc. Oxford :
Name of publisher, distributor, etc. Oxford University Press,
Date of publication, distribution, etc. 2008.
300 ## - PHYSICAL DESCRIPTION
Extent 88 p. :
Other physical details ill., map ;
Dimensions 20 cm.
490 0# - SERIES STATEMENT
Series statement Oxford bookworms library. Classics. Stage 4
650 #0 - SUBJECT ADDED ENTRY--TOPICAL TERM
Topical term or geographic name entry element Readers (Adult)
650 #0 - SUBJECT ADDED ENTRY--TOPICAL TERM
Topical term or geographic name entry element Reading comprehension
Form subdivision Problems, exercises, etc.
650 #0 - SUBJECT ADDED ENTRY--TOPICAL TERM
Topical term or geographic name entry element English language
Form subdivision Textbooks for foreign speakers.
650 #0 - SUBJECT ADDED ENTRY--TOPICAL TERM
Topical term or geographic name entry element Gulliver, Lemuel (Fictitious character)
Form subdivision Fiction.
650 #0 - SUBJECT ADDED ENTRY--TOPICAL TERM
Topical term or geographic name entry element Voyages, Imaginary
Form subdivision Fiction.
650 #0 - SUBJECT ADDED ENTRY--TOPICAL TERM
Topical term or geographic name entry element Travelers
Form subdivision Fiction.
650 #0 - SUBJECT ADDED ENTRY--TOPICAL TERM
Topical term or geographic name entry element Islands
Form subdivision Fiction.
700 1# - ADDED ENTRY--PERSONAL NAME
Personal name Harris, Nick,
Relator term ill.
700 12 - ADDED ENTRY--PERSONAL NAME
Personal name Swift, Jonathan,
Dates associated with a name 1667-1745.
Title of a work Gulliver's travels.
906 ## - LOCAL DATA ELEMENT F, LDF (RLIN)
a 0
b ibc
c copycat
d 2
e ncip
f 20
g y-gencatlg
942 ## - ADDED ENTRY ELEMENTS (KOHA)
Source of classification or shelving scheme
Koha item type Teaching Resources
Holdings
Withdrawn status Lost status Source of classification or shelving scheme Damaged status Not for loan Collection code Permanent Location Current Location Shelving location Date acquired Total Checkouts Full call number Barcode Date due Date last seen Date last checked out Price effective from Koha item type
          Teaching Resources KH8 Senior School Library KH8 Senior School Library Staff Office 2023-08-21 1 428.6 WES TRKHSL002162 2025-07-04 2024-11-08 2024-11-08 2023-08-21 Teaching Resources

Powered By KH8 IT Dept